02167nam a2200289 a 4500001001500000005001700015008004100032020003500073020003000108040000600138050001400144082001100158100002200169245010800191250001200299260005000311300002100361520125600382650002901638650001701667650001101684650001501695650002701710650002701737650003101764856008201795ASIN082230767720170105102903.0131021s1987 xxu eng d a0822307677 (paperback)c$26.95 a9780822307679 (paperback) a004aBH301.M5404a111.851 aCalinescu, Matei.10aFive faces of modernity :bmodernism, avant-garde, decadence, kitsch, postmodernism /cMatei Calinescu. a2nd ed. a[S.l.] :bDuke University Press Books,c1987. a422 p. ;c21 cm. aFive Faces of Modernity is a series of semantic and cultural biographies of words that have taken on special significance in the last century and a half or so: modernity , avant-garde , decadence , kitsch , and postmodernism . The concept of modernity—the notion that we, the living, are different and somehow superior to our predecessors and that our civilization is likely to be succeeded by one even superior to ours—is a relatively recent Western invention and one whose time may already have passed, if we believe its postmodern challengers. Calinescu documents the rise of cultural modernity and, in tracing the shifting senses of the five terms under scrutiny, illustrates the intricate value judgments, conflicting orientations, and intellectual paradoxes to which it has given rise. Five Faces of Modernity attempts to do for the foundations of the modernist critical lexicon what earlier terminological studies have done for such complex categories as classicism , baroque , romanticism , realism , or symbolism and thereby fill a gap in literary scholarship. On another, more ambitious level, Calinescu deals at length with the larger issues, dilemmas, ideological tensions, and perplexities brought about by the assertion of modernity. 0aAvant-garde (Aesthetics) 0aDegeneration 0aKitsch 0aLiterature 0aModernism (Aesthetics) 0aModernism (Literature) 0aPostmodernism (Literature)403Amazon.comuhttp://www.amazon.com/exec/obidos/ASIN/0822307677/chopaconline-20